• 首页
  • 本馆介绍
  • 公告通知
  • 最新文献
  • 馆藏检索
  • 电子资源
  • 读者导购
  • 参考咨询
  • 我的图书馆
  • 登录
  • 详细信息显示
  • 放入我的书架
  • 预约/预借图书
  • 作者相关作品
  • 分类相关作品
  • 丛书相关作品
  • 出版社相关作品

书目信息

  • 表格格式
  • 工作单格式
  • 卡片格式
题名:
内燃机使用及保养
    
 
作者: 铁斌 编
分册:  
出版信息: 北京   人民交通出版社  1973
页数: 101页
开本: 20cm
丛书名: 铁路工程施工技术学习丛书
单 册:
中图分类: U268
科图分类:
主题词: 机车工程
电子资源:
ISBN:
000 00627nam0 2200229 450
001 0652631454
005 20060726162115.25
010    @dCNY0.26
100    @a20060705d1973 km y0chiy0120 ea
101 0  @achi
102    @aCN@b110000
200 1  @a内燃机使用及保养@Anei ran ji shi yong ji bao yang@f铁斌编@Ftie bin bian
205    @a3版@b修订版
210    @a北京@c人民交通出版社@d1973
215 1  @a101页@d20cm
225 2  @a铁路工程施工技术学习丛书
410  0 @12001 @a铁路工程施工技术学习丛书
606 0  @a机车工程
690    @aU268@v4
701  0 @a铁斌@Atie bin@4编
801  0 @aCN@bPFT@c20060726
905    @a10447@dU268@e3
    
    内燃机使用及保养/铁斌编.-3版,修订版.-北京:人民交通出版社,1973
    101页;20cm.-(铁路工程施工技术学习丛书)
    
    
    ISBN :CNY0.26
    
●
相关链接 在E读中查询图书 在五车中查询图书 在当当中查询图书 在豆瓣中查询图书


正题名:内燃机使用及保养     索取号:U268/3         预约/预借

序号 登录号 条形码 馆藏地/架位号 状态 备注
1 0017900   001483424   密集书库/ [索取号:U268/3] 在馆    
2 0438648   204386486   密集书库/ [索取号:U268/3] 在馆    
唐山师范学院图书馆 欢迎您!
大连网信软件有限公司© 版权所有